| 000 | 00728nac a22001931u 4500 | ||
|---|---|---|---|
| 010 | _a 74007404 | ||
| 020 | _a0471776300 | ||
| 082 | 0 | 0 |
_a621.381 _bS4788 |
| 090 |
_c4503 _d4503 |
||
| 100 | _aSenturia, Stephen D., | ||
| 245 | 1 | 0 |
_aElectronic circuits and applications _c[by] Stephen D. Senturia [and] Bruce D. Wedlock. |
| 260 |
_aNew York, _bWiley,[1974, c1975] _c[1974, c1975] |
||
| 300 |
_axi, 623 p. _billus. _c24 cm. |
||
| 650 | 0 | _aElectronics. | |
| 650 | 0 | _aIntegrated circuits. | |
| 700 | 1 |
_aWedlock, Bruce D., _d1934- |
|
| 942 |
_cBB _k621.381S4788 |
||
| 999 |
_c4503 _d4503 |
||